01198nam a2200217 450000500170000000800410001704000440005804100080010208200120011010000300012224200490015224500440020126001040024530000360034950004390038550500490082450600210087354600230089465000380091765000250095520240126104010.0240119s1920 fr |||||r|||| 00| f fre d aCO-BoUCMbspacSandra YazodSandra Yazo0 afre04220a843 aBenoit, Pierred1886-196204aPor don Carlos.bNovela.cPedro Benoit.yspa13aPour Don Carlos.bRoman.cPierre Benoit aParís (Francia)bAlbin Michel ; Imp. L. Bellenand [Albin Michel ; Imprenta de L. Bellenand]c1920 a317, [1] páginasc18 x 11 cm. aDetalles físicos: Sin encuadernación original, actualmente encuadernación rígida (holandesa) en cartón forrado en papel jaspeado. Lomo de tela, con letras y líneas en dorado. Guardas. Anteportada. Portada impresa en una sola tinta, con marca tipográfica, un anagrama del editor A M (de Albin Michel). Texto impreso en una sola columna, con diferentes tipos y tamaños de letra. Índice. Papel manchado por oxidación.0 aParte 1 – 3: Lucila ; Olivier ; Alegría aConsulta en sala aTexto en francés 7aNovela francesa xSiglos XIX - XX 7aLiteratura francesa